LEADER 01562nam 2200373Ia 450 001 996393851203316 005 20200824121846.0 035 $a(CKB)4940000000114760 035 $a(EEBO)2240919935 035 $a(UnM)99896163e 035 $a(UnM)99896163 035 $a(EXLCZ)994940000000114760 100 $a19980729d1645 uy | 101 0 $aeng 135 $aurbn||||a|bb| 200 14$aThe right receiving of Christ·$b[electronic resource] $eOr, An appendix to the worthy communicant, or A treatise shewing the due order of receiving the sacrament. By Jer. Dyke, late minister of Epping in Essex. Which was intended by the said author in his life time to be annexed to this treatise of the sacrament; as appeares in the epistle. Wherein a Christian may know, whether he hath rightly received Christ in the sacrament or no 210 $aLondon $cprinted by M. Simmons for John Rothwell at the signe of the Sunne in Pauls Church-yard$d1645 215 $a[22], 120 p 300 $aReproduction of original in the Henry E. Huntington Library. 330 $aeebo-0113 606 $aChristian life$vEarly works to 1800 606 $aSermons, English$y17th century 606 $aLord's Supper$vEarly works to 1800 615 0$aChristian life 615 0$aSermons, English 615 0$aLord's Supper 700 $aDyke$b Jeremiah$f1584-1639.$01001094 801 0$bCu-RivES 801 1$bCu-RivES 801 2$bWaOLN 906 $aBOOK 912 $a996393851203316 996 $aThe right receiving of Christ·$92379694 997 $aUNISA LEADER 01729nas 2200529-a 450 001 9910144345703321 005 20240413013023.0 011 $a1745-1213 035 $a(CKB)1000000000220579 035 $a(CONSER)--2005243830 035 $a(EXLCZ)991000000000220579 100 $a20050317a20059999 --- - 101 0 $aeng 181 $ctxt$2rdacontent 182 $cc$2rdamedia 183 $acr$2rdacarrier 200 10$aInfant 210 $aBishop's Stortford, Herts. $cStansted News$dİ2005- 215 $a1 online resource 300 $aTitle from cover. 300 $aRefereed/Peer-reviewed 311 08$aPrint version: Infant 1745-1205 (DLC)2005243830 (OCoLC)58522921 606 $aNewborn infants$xCare$vPeriodicals 606 $aNewborn infants$xDiseases$vPeriodicals 606 $aNeonatal intensive care$vPeriodicals 606 $aIntensive Care, Neonatal 606 $aInfant, Newborn, Diseases$xtherapy 606 $aNeonatal Nursing 606 $aNeonatal intensive care$2fast$3(OCoLC)fst01432069 606 $aNewborn infants$xCare$2fast$3(OCoLC)fst01430824 606 $aNewborn infants$xDiseases$2fast$3(OCoLC)fst01432010 608 $aPeriodical. 608 $aPeriodicals.$2fast 615 0$aNewborn infants$xCare 615 0$aNewborn infants$xDiseases 615 0$aNeonatal intensive care 615 12$aIntensive Care, Neonatal. 615 22$aInfant, Newborn, Diseases$xtherapy. 615 22$aNeonatal Nursing. 615 7$aNeonatal intensive care. 615 7$aNewborn infants$xCare. 615 7$aNewborn infants$xDiseases. 906 $aJOURNAL 912 $a9910144345703321 920 $aexl_impl conversion 996 $aInfant$91943302 997 $aUNINA